Endocrine Review for Human Physiology - Statistics

General Stats
  • This quiz has been taken 42 times
  • The average score is 8 of 11
Answer Stats
Hint Location Answer % Correct
Regulations secretion of hormones directly intothe bloodstream, regulates other endocrine glands Brain Pituitary
88%
Maintains healthy blood sugar levels, releases insulin to break down glycogen Behind stomach Pancreas
85%
Releases hormones that handle stress responseand help blood pressure On top of kidneys Adrenal
79%
Produces testosterone for secondary sex characteristics, and triggers sperm production Scrotum Testes
76%
Regulates metabolism, growth, & development Neck Thyroid
76%
Regulates body temperature, hunger, & mood Brain Hypothalamus
70%
Produce estrogen and progesterone for pregnancy Waist Ovaries
70%
HORMONE: Opposite of insulin Produced by above Glucagon
64%
Secrets namesake hormones known at PTH, whichcontrol calcium levels in the body Neck (on above) Parathyroid
64%
Helps development in the immune system Between the lungs Thymus
55%
Regulates circadian rhythm and sleep patterns Brain Pineal
42%
No matching quizzes found
Score Distribution
Percent of People with Each Score
Percentile by Number Answered
Your Score History
You have not taken this quiz